Principles and practices of gaming-simulation
Guardat en:
| Autors principals: | , |
|---|---|
| Format: | Llibre |
| Idioma: | anglès |
| Publicat: |
Beverly Hills
Sage
1981
|
| Edició: | 1a. ed |
| Matèries: | |
| Etiquetes: |
Afegir etiqueta
Sense etiquetes, Sigues el primer a etiquetar aquest registre!
|
MARC
| LEADER | 00000cam a2200000 a 4500 | ||
|---|---|---|---|
| 001 | UCE9615 | ||
| 003 | CL-VaPUC | ||
| 008 | 151029e19810000us |||||||||||||||||eng|d | ||
| 020 | |a 0803916752 | ||
| 020 | |a 0803916760 | ||
| 082 | 0 | 4 | |a 514.3 |b STE |2 21 |
| 100 | 0 | |a Stein Greenblat, Cathy |e author |9 582504 | |
| 700 | 0 | |a Duke, Richard D |e author |9 582505 | |
| 245 | 1 | 0 | |a Principles and practices of gaming-simulation |
| 250 | |a 1a. ed | ||
| 300 | |a 283 p | ||
| 942 | |c BK | ||
| 945 | |d 20151029 22:28:00 |a arojas | ||
| 260 | |a Beverly Hills |b Sage |c 1981 | ||
| 650 | 0 | |a Teoría de juegos |9 263826 | |
| 650 | 0 | |a Ciencias sociales |9 256351 | |
| 650 | 7 | |a METODOS DE SIMULACION |2 CL-VaPUC |9 260497 | |
| 583 | |a last modification |c 20151029 22:28:00 |k Rodrigo Vera | ||
| 999 | |c 361275 |d 361273 | ||
| 952 | |0 0 |1 0 |3 erb |4 0 |6 514_300000000000000_STE_1981 |7 0 |8 A |9 471697 |a BIBGIM |b BIBGIM |i 5207118 |o 514.3 STE 1981 |p 5207118 |r 2025-01-15 |w 2019-11-24 |y BK |z Catalogado en:20151029 |k EST | ||